Abkürzungen Marken - Statistiken

Allgemein
  • Dieses Quiz wurde 89 mal gespielt
  • Das Durchschnittsergebnis liegt bei 6 aus 26
Antwortstatistiken
Hint Antwort % Korrekt
VW Volkswagen
87%
dm Drogeriemarkt
71%
adidas Adi Dassler
62%
Hanuta Haselnusstafel
55%
HARIBO Hans Riegel Bonn
54%
Milka Milch, Kakao
53%
BMW Bayerische Motorenwerke
51%
ob. ohne Binde
42%
kik Kunde ist König
30%
ALDI Albrecht Discount
28%
LEGO Leg godt
13%
EDEKA Einkaufsgenossenschaft der Kolonialwarenhändler
5%
Persil Perborat, Silikat
4%
NKD Niedrig-Kalkuliert-Discount
3%
Nutella nut, ella
3%
PEZ PfEfferminZ
3%
Rewe Revisionsverband Westkauf-Genossenschaften
3%
SAP Systeme, Anwendungen, Produkte
3%
Tesa Tesmer Elsa
3%
Zewa Zellstofffabrik Waldhof
3%
IKEA Ingvar Kamprad Elmtaryd Agunnaryd
1%
Em-eukal Menthol, Eukalyptusöl
1%
Perwoll Perborat, Wolle
1%
Trigema Trikotwarenfabrik Gebrüder Mayer
1%
Vodafone Voice, Data, Fone
1%
SPAR Samenwerken Profiteren Allen Regelmatig
0%
Keine übereinstimmenden Quizze gefunden
Verteilung der Resultate
Anzahl Personen mit jedem Resultat
Perzentil nach korrekt beantworteten Fragen
Ihre Resultats-Entwicklung
Sie haben dieses Quiz noch nicht gespielt